Vista normal
Vista MARC
Entrada Materia (tema)
Número de registros utilizados en: 1
001 - CONTROL NUMBER
- control field: 177788
003 - CONTROL NUMBER IDENTIFIER
- control field: Co-BoUCM
005 - DATE AND TIME OF LATEST TRANSACTION
- control field: 20230530113152.0
008 - FIXED-LENGTH DATA ELEMENTS
- fixed length control field: 230530|| aca||aabn | a|a d
040 ## - CATALOGING SOURCE
- Original cataloging agency: Co-BoUCM
- Transcribing agency: Co-BoUCM
150 ## - HEADING--TOPICAL TERM
- Topical term or geographic name as entry element: Consejos obreros
- Geographic subdivision: Rusia
670 ## - SOURCE DATA FOUND
- Source citation: Work cat.: (Co-BoUCM): Ruggeri, Andrés 177787, Control obrero, autogestión y consejos en la Revolución Rusa/, 2021